| 000 | 00603nam a2200217 a 4500 | ||
|---|---|---|---|
| 005 | 20240911064148.0 | ||
| 008 | 030324s1978 mx r 000 0 spa d | ||
| 020 | _a8474440122 | ||
| 035 | _aUPN01000123162 | ||
| 049 | _aCG | ||
| 050 | 4 |
_aHQ1214 _bM8.28 |
|
| 100 | 1 | _aManieri, Rosaria | |
| 245 | 1 | 0 |
_aMujer y capital / _cRasaria Manieri. |
| 260 |
_aMadrid : _bDebate, _c1978. |
||
| 300 | _a182 p. | ||
| 440 | 0 |
_aTribuna feminista ; _v7 |
|
| 534 |
_pTraducción de: _tDonna e Capitale |
||
| 650 | 2 |
_aMujeres _xHistoria y condición de la mujer _91583 |
|
| 650 | 4 |
_aCapitalismo _96436 |
|
| 905 | _aLibro | ||
| 999 |
_c95343 _d95343 |
||